[Event "Sardegna Region-ch"]
[Site "Sardara"]
[Date "2011.05.29"]
[Round "7"]
[White "Camboni, Paolo"]
[Black "Pitzanti, Matteo"]
[Result "1-0"]
[WhiteElo "1875"]
[BlackElo "1500"]
[PlyCount "77"]
[EventDate "2011.05.23"]
[EventType "swiss"]
[EventRounds "8"]
[EventCountry "ITA"]
[SourceTitle "EXT 2023"]
[Source "ChessBase"]
[SourceDate "2022.10.05"]
[SourceVersion "1"]
[SourceVersionDate "2022.10.05"]
[SourceQuality "1"]

1. Nf3 d5 2. b3 Nc6 3. Bb2 Bg4 4. e3 e5 5. Be2 Bxf3 6. gxf3 Nf6 7. 0-0 Qd7 8. Kh1 0-0-0 9. Na3 Bd6 10. Rg1 Rdg8 11. Nb5 Be7 12. a4 a6 13. d4 exd4 14. Nxd4 Nxd4 15. Bxd4 c6 16. c3 Bd6 17. b4 Qc7 18. Qf1 Be5 19. b5 Bxd4 20. cxd4 a5 21. bxc6 bxc6 22. Rc1 Re8 23. Rxg7 Rhg8 24. Ba6+ Kd8 25. Rxg8 Nxg8 26. Rb1 Qa7 27. Rb7 Qa8 28. Rxf7 Re7 29. Rf8+ Re8 30. Rxe8+ Kxe8 31. Bd3 Qb7 32. Qh3 h6 33. Qe6+ Kf8 34. f4 Qb3 35. Bg6 Qb7 36. Kg2 Qc7 37. h4 Qe7 38. Qxc6 Qxh4 39. Qe8+ 1-0

[Event "Sardegna Region-ch"]
[Site "Sardara"]
[Date "2011.05.21"]
[Round "1"]
[White "Camboni, Paolo"]
[Black "Caredda, Giuseppe"]
[Result "1-0"]
[WhiteElo "1875"]
[BlackElo "1608"]
[PlyCount "65"]
[EventDate "2011.05.23"]
[EventType "swiss"]
[EventRounds "8"]
[EventCountry "ITA"]
[SourceTitle "EXT 2023"]
[Source "ChessBase"]
[SourceDate "2022.10.05"]
[SourceVersion "1"]
[SourceVersionDate "2022.10.05"]
[SourceQuality "1"]

1. e4 c5 2. Nf3 Nc6 3. Bb5 a6 4. Bxc6 bxc6 5. 0-0 d5 6. Qe2 e6 7. d3 Be7 8. Bf4 Nf6 9. Nc3 d4 10. Na4 Nh5 11. Bd2 Nf6 12. b3 Qc7 13. Nb2 e5 14. Nc4 Nd7 15. Ne1 Bf6 16. f4 0-0 17. f5 Nb6 18. Ba5 Rb8 19. Nf3 Qa7 20. Bxb6 Rxb6 21. g4 Rb8 22. g5 Bd8 23. Ncxe5 Qc7 24. Qg2 f6 25. gxf6 Bxf6 26. Nc4 Kh8 27. Rae1 Bd8 28. Nfe5 Rf6 29. Rf3 Rb7 30. Ng4 Rf7 31. Ref1 Qe7 32. Nce5 h5 33. Ng6+ 1-0

[Event "Cagliari Coppa 31st"]
[Site "Cagliari"]
[Date "2006.04.02"]
[Round "6"]
[White "Basciu, Simone"]
[Black "Camboni, Paolo"]
[Result "1/2-1/2"]
[WhiteElo "2176"]
[BlackElo "1883"]
[PlyCount "64"]
[EventDate "2006.03.25"]
[EventType "swiss"]
[EventRounds "7"]
[EventCountry "ITA"]
[SourceTitle "EXT 2024"]
[Source "ChessBase"]
[SourceDate "2023.10.10"]
[SourceVersion "1"]
[SourceVersionDate "2023.10.10"]
[SourceQuality "1"]

1. d4 Nf6 2. Nf3 d5 3. c4 e6 4. Nc3 Be7 5. Bg5 0-0 6. e3 Nbd7 7. Qc2 c6 8. a3 dxc4 9. Bxc4 b5 10. Bd3 Bb7 11. e4 h6 12. Bf4 a6 13. Qd2 c5 14. e5 Ng4 15. h3 cxd4 16. hxg4 dxc3 17. Qxc3 Bxf3 18. gxf3 Bg5 19. Bg3 Qb6 20. f4 Rac8 21. Qb4 Nc5 22. Be2 Be7 23. 0-0 Rc7 24. Qd4 Rd7 25. Qe3 Rfd8 26. Rad1 Na4 27. Rxd7 Rxd7 28. Qc1 Qd8 29. Rd1 Rxd1+ 30. Bxd1 Nxb2 31. Bc2 Bxa3 32. Qe3 Nc4 1/2-1/2